00326 a2200109 450000100060000008200120000610000200001824501130003826000340015130000080018550000230019391321 aPR 1216 aMuhammad Imran; aExperimental Study on the Performance of an Axial Flow Compressor installed in the Propulsion Labn44 "A" EC aKarachibNED Universityc1996 a51p aBE Project Reports